1758 1977 1139 1786 1235 1926 1718 1217 1173 1776 1518 1162 1529 1820 1201 1193 1115 1889 1057 1588 1463 1044 1642 1741 1508 1342 1382 1257 1593 1532 1806 1753 1896 1176 1316 1245 1278 1961 1552 1735 1218 1086 1582 1512 1422 1969 1770 1148 1363 1619 1089 1459 1154 1287 1121 1767 1099 1941 1196 1857 1496 1846 1547 1931 1318 1590 1414 1775 1469 1275 1085 1931 1894 1867 1322 1709 1549 1083 1548 1006 1564 1274 1647 1547 1111 1706 1863 1381 1506 1847 1972 1647 1109 1617 1744 1524 1220 1286 1848 BCNSPRNW ULIB Ver.6.0+V

เปลี่ยนเป็นภาษาไทย

Change to English
 แสดงรายละเอียดบรรณานุกรม
  กลับหน้าหลัก

Brief Record : Get Marc (ISO 2709) : E-mail record : QR code < ปิดหน้าต่าง
LEADER : 00000nam 2200000uu 4500
001    13399126141
003     ULIB
008    180612s2015||||th 000 0 tha d
020    ^a9781107464438
050 00 ^aPE1128^bC172^cV.10
245 10 ^aCambridge practice tests for IELTS 10
260    ^aCambridge :^bCambridge University Press,^c2015
300    ^a179 p.:^bill. ;^c25 cm.
650 00 ^aInternational English Language Testing System.
650 00 ^aEnglish language^xExaminations, questions, etc.
650 00 ^aEnglish language^xTextbooks for foreign speakers
945    ^p530^l0^i004237
999    ^aวรรณษา ชูชัยมงคล
รายการนี้ยังไม่มีแท็ก
คุณยังไม่ได้ล็อกอิน คุณสามารถมีกิจกรรมร่วมกับเว็บไซต์ได้ แต่ต้องล็อกอินก่อน ::
  ล็อกอิน

รายการสื่อสารสนเทศ

ลำดับที่ ประเภท เลขเรียก/บาร์โค้ด สถานที่ สถานะ
1. วิทยาศาสตร์การแพทย์ และสุขภาพ
หนังสือสำรอง
สถานะ=หนังสือสำรอง
PE1128 C172 V.10 ฉ.1 
  Barcode: 004237
ห้องสมุดวิทยาเขตสวรรค์ประชารักษ์
►หนังสือทั่วไป
ถูกยืม กำหนดส่งวันที่ 4 มกราคม 2569
  จอง

รายการใกล้เคียง
    ชื่อเรื่อง [Cambridge practice tests for IELTS 10]

    หัวเรื่อง [International English Language Testing System.]

BibComment


ยังไม่เคยถูกคอมเมนท์

คอมเมนท์ทรัพยากรรายการนี้
  คอมเมนท์: Cambridge practi..


 Copyright 2026. Bcnsprnw @Library